00560 2200181 4500245013200000020002200132250001100154100002300165700001800188700002200206650003700228005001900265260003300284041001400317084001200331300002600343336000900369 aEnsiklopedia Pemerintahan & Kewarganegaraan b : Sistem dan Bentuk Pemerintahan di Indonesia jilid 7cDrs. Hasyimsah dkkhText a978-979-3535-83-8 aCet. 1 aDrs. Hasyimsah dkk aHenry T Purba aWidayat Priambodo aPemerintahan dan Kewarganegaraan a20240926114301 aJakartabLENTERA ABADIc2010 aIndonesia aR 320.9 axi, 175 hlm, :c30 cm atext